000 01035nam a2200289 i 4500
003 DO-SdBNP
005 20250107144012.0
007 ta
008 250107b2024 dr ||||| |||| 00| 0 spa d
020 _a9789945245479
040 _aDO-SdBNP
_bspa
_cBNPHU
_erda
082 4 _222
_axxxx
_bG146p
100 1 _aGalán, Bismar,
_d1961-
_eautor
_4aut.
_91490
245 1 0 _aPenas y azahares de Virginia Bell /
_cBismar Galán ; edición, Jorge Luis Zamora ; corrección de estilo, Gisela Vargas Ortega
264 4 _aSanto Domingo :
_bEditora Santillana Infantil y Juvenil,
_c©2024.
300 _a111 páginas ;
_c22 cm.
336 _atexto
_btxt
_2rdacontent
337 _asin mediación
_bn
_2rdamedia
338 _avolumen
_bnc
_2rdacarrier
490 1 _aloqueleo
500 _aIncluye datos biográficos del autor en la solapa de la cubierta
590 _anventariado, 2025/BT
700 1 _aZamora, Jorge Luis,
_eeditor
_4ed.
_942960
700 1 _aVargas Ortega, Gisela,
_ecorrector
_4corr.
_95746
910 _aBtavárez
942 _2ddc
_cLBS1
999 _c57994
_d57994